[Event "1st 4NCL Spring Bank Holiday Congress"]
[Site "Basingstoke"]
[Date "2018.05.27"]
[Round "5"]
[Board "12"]
[White "Doherty, Paul D"]
[Black "O`Gorman, Brian"]
[Result "1-0"]
[WhiteElo "1674"]
[BlackElo "1537"]
[PlyCount "97"]
[EventDate "2018.05.25"]
[EventRounds "7"]
[EventCountry "ENG"]

1. e4 c6 2. Ne2 d5 3. e5 Bf5 4. Ng3 Bg6 5. h4 h5 6. d4 e6 7. Bd3 Bxd3 8. Qxd3
Qb6 9. Nd2 c5 10. c3 cxd4 11. cxd4 Nc6 12. Nb3 Bb4+ 13. Bd2 Bxd2+ 14. Qxd2 Qb4
15. Ne2 Nge7 16. Qxb4 Nxb4 17. Kd2 Nf5 18. a3 Nc6 19. Rac1 Ke7 20. Rc3 Rhg8 21.
g3 g5 22. hxg5 Rxg5 23. f4 Rg4 24. Rxh5 Rag8 25. Rh3 Kd8 26. Rd3 Kc7 27. Na1
Na5 28. Rc3+ Nc4+ 29. Kc1 Kb6 30. Nc2 Kb5 31. b3 Na5 32. a4+ Kb6 33. Kb2 a6 34.
Nb4 R8g7 35. Rf3 Kc7 36. Nc2 Nc6 37. Kc3 a5 38. Ne3 Nce7 39. Nxg4 Rxg4 40. Rh7
Ng7 41. Nc1 Nef5 42. Rh3 Kc6 43. Nd3 Ne8 44. Nf2 Rg7 45. g4 Ne7 46. f5 Nc8 47.
f6 Rg6 48. Rh8 Kd7 49. Rh7 1-0

[Event "1st 4NCL Spring Bank Holiday Congress"]
[Site "Basingstoke"]
[Date "2018.05.27"]
[Round "5"]
[Board "13"]
[White "Tomy, Jeff"]
[Black "Chen, Daniel Xingyu"]
[Result "1-0"]
[WhiteElo "1536"]
[BlackElo "1592"]
[PlyCount "61"]
[EventDate "2018.05.25"]
[EventRounds "7"]
[EventCountry "ENG"]

1. d4 Nf6 2. c4 e5 3. dxe5 Ng4 4. Nf3 Bc5 5. e3 Nc6 6. Nc3 Ngxe5 7. Nxe5 Nxe5
8. Be2 O-O 9. O-O a5 10. Na4 Be7 11. b3 Ra6 12. Bb2 Bf6 13. Qc2 Nc6 14. Nc5 Nb4
15. Bxf6 Rxf6 16. Qd2 b6 17. Ne4 Rg6 18. a3 Nc6 19. b4 Re8 20. Ng3 Qh4 21. h3
d6 22. Qd5 Ne5 23. bxa5 bxa5 24. Qxa5 Nxc4 25. Qb5 Re4 26. Nxe4 Rxg2+ 27. Kxg2
Qxe4+ 28. Kh2 Nxe3 29. fxe3 Bb7 30. Bf3 Qc2+ 31. Qe2 1-0

[Event "1st 4NCL Spring Bank Holiday Congress"]
[Site "Basingstoke"]
[Date "2018.05.27"]
[Round "5"]
[Board "14"]
[White "Maladkar, Lavanya"]
[Black "Cole, David M"]
[Result "1-0"]
[WhiteElo "1562"]
[BlackElo "1286"]
[PlyCount "71"]
[EventDate "2018.05.25"]
[EventRounds "7"]
[EventCountry "ENG"]

1. d4 e6 2. c4 d5 3. e3 Nf6 4. Nc3 Bd6 5. Nf3 O-O 6. c5 Be7 7. a3 a5 8. Rb1 b6
9. b4 axb4 10. axb4 bxc5 11. bxc5 Ba6 12. Bxa6 Rxa6 13. Qe2 Ra8 14. O-O c6 15.
Ne5 Qc7 16. Bd2 Bxc5 17. Nb5 cxb5 18. Rfc1 Ra2 19. Rxc5 Rxd2 20. Qxd2 Ne4 21.
Qb4 Nxc5 22. Qxc5 Rc8 23. Qxb5 f6 24. Nd3 Nd7 25. Rf1 Rb8 26. Qa6 Rb6 27. Qa3
Qb7 28. Qa2 Rb3 29. Qc2 Kf7 30. h3 Rb5 31. Nf4 Nb6 32. Qxh7 Nc4 33. Qg6+ Kf8
34. Nxe6+ Ke7 35. Nc5 Qc7 36. Qxg7+ 1-0

[Event "1st 4NCL Spring Bank Holiday Congress"]
[Site "Basingstoke"]
[Date "2018.05.27"]
[Round "5"]
[Board "15"]
[White "Sartain, Patrick P"]
[Black "Ratnesan, Radha"]
[Result "0-1"]
[WhiteElo "1541"]
[BlackElo "1222"]
[PlyCount "114"]
[EventDate "2018.05.25"]
[EventRounds "7"]
[EventCountry "ENG"]

1. e4 e5 2. Nf3 Nc6 3. Bc4 Bc5 4. c3 Nf6 5. b4 Bb6 6. d3 h6 7. h3 d5 8. exd5
Nxd5 9. a4 a5 10. b5 Nce7 11. O-O Qd6 12. Re1 O-O 13. Nxe5 Qf6 14. d4 Bf5 15.
Bd3 Bxd3 16. Qxd3 Rad8 17. Ng4 Qg6 18. Qg3 h5 19. Ne5 Qxg3 20. fxg3 Nxc3 21.
Be3 Nxb1 22. Raxb1 Bxd4 23. Bxd4 Rxd4 24. Rbc1 Rc8 25. Nc4 Nf5 26. Nb6 Rb8 27.
Rxc7 Nxg3 28. Ree7 h4 29. Re1 Rd2 30. Rce7 Rc2 31. Nd7 Rbc8 32. Re8+ Rxe8 33.
Rxe8+ Kh7 34. Re1 Ne2+ 35. Kh1 Ng3+ 36. Kh2 Rd2 37. Nb6 f5 38. Rc1 f4 39. Nd5
f3 40. Ne3 Re2 41. Rc4 g5 42. Rc7+ Kg6 43. Rxb7 Rxe3 44. gxf3 Ra3 45. Rb6+ Kf5
46. Rc6 Rxa4 47. Rc5+ Kf4 48. b6 Rb4 49. Rc6 a4 50. Rf6+ Ke5 51. Rg6 Kf5 52.
Rc6 Rb5 53. Kg1 a3 54. Kf2 a2 55. b7 a1=Q 56. Rc5+ Rxc5 57. b8=Q Qd4+ 0-1

[Event "1st 4NCL Spring Bank Holiday Congress"]
[Site "Basingstoke"]
[Date "2018.05.27"]
[Round "5"]
[Board "16"]
[White "Kammin, Sam"]
[Black "Stephens, Robert W"]
[Result "0-1"]
[WhiteElo "1592"]
[BlackElo "1802"]
[PlyCount "138"]
[EventDate "2018.05.25"]
[EventRounds "7"]
[EventCountry "ENG"]

1. d4 g6 2. Nf3 Bg7 3. g3 d6 4. Bg2 Nf6 5. c4 Nbd7 6. Nc3 a6 7. O-O O-O 8. Qc2
Rb8 9. a4 c5 10. d5 Nb6 11. Nd2 e6 12. e4 e5 13. Nd1 Nh5 14. Bf3 Nf6 15. Ne3
Bd7 16. b3 Nc8 17. Nb1 Ne7 18. Nc3 Ne8 19. Bg2 f5 20. f3 f4 21. Ned1 h5 22. Ne2
g5 23. Nf2 Ng6 24. Qd3 Nf6 25. Ra2 Bh6 26. Rd1 Qe7 27. Bd2 Qg7 28. b4 b6 29. a5
b5 30. Bc3 bxc4 31. Qxc4 Bb5 32. Qb3 c4 33. Qc2 Rb7 34. Rc1 g4 35. gxf4 Nxf4
36. Nxf4 Bxf4 37. fxg4 Nxg4 38. Nxg4 Qxg4 39. Rf1 Qh4 40. h3 Rg7 41. Be1 Qxh3
42. Rxf4 Rxf4 43. Qc3 Qxc3 44. Bxc3 Rxe4 45. Rf2 Re3 46. Bd2 Rd3 47. Kh2 c3 48.
Bh6 Rf7 49. Rc2 Ba4 50. Ra2 Bb3 51. Ra3 Bxd5 52. Bxd5 Rxd5 53. Rxc3 Kh7 54. Bg5
Rb7 55. Rc4 Rd3 56. Rh4 Kg6 57. Bd8 d5 58. Bb6 Rd7 59. Kg2 Kg5 60. Rh1 Kg4 61.
Re1 Rd2+ 62. Kf1 e4 63. Be3 Rb2 64. Bc5 Rf7+ 65. Kg1 Rf3 66. Rf1 Rxf1+ 67. Kxf1
Kf3 68. Ke1 h4 69. Bd6 e3 0-1

[Event "1st 4NCL Spring Bank Holiday Congress"]
[Site "Basingstoke"]
[Date "2018.05.27"]
[Round "5"]
[Board "17"]
[White "Norman, Dinah M"]
[Black "Mendis, Vidura"]
[Result "1/2-1/2"]
[WhiteElo "1697"]
[BlackElo "1562"]
[PlyCount "42"]
[EventDate "2018.05.25"]
[EventRounds "7"]
[EventCountry "ENG"]

1. d4 e6 2. e4 d5 3. exd5 exd5 4. Bd3 Bd6 5. Ne2 Nf6 6. Bf4 O-O 7. O-O Bg4 8.
Bxd6 Qxd6 9. c3 Re8 10. Qc2 Nbd7 11. Ng3 Nf8 12. Nd2 Ng6 13. Rfe1 c6 14. Bf1 h5
15. Nf5 Qf4 16. Ne3 Re7 17. g3 Qg5 18. Nxg4 Nxg4 19. Rxe7 Qxe7 20. Qf5 Nf6 21.
Nf3 Re8 1/2-1/2

[Event "1st 4NCL Spring Bank Holiday Congress"]
[Site "Basingstoke"]
[Date "2018.05.27"]
[Round "5"]
[Board "18"]
[White "Watson, Darrell A"]
[Black "Zheng, Harry Z"]
[Result "0-1"]
[WhiteElo "1694"]
[BlackElo "1502"]
[PlyCount "76"]
[EventDate "2018.05.25"]
[EventRounds "7"]
[EventCountry "ENG"]

1. Nf3 d5 2. c4 Nf6 3. b3 Nc6 4. e3 e5 5. d4 Bg4 6. h3 Bxf3 7. gxf3 Bb4+ 8. Bd2
Bxd2+ 9. Qxd2 exd4 10. exd4 dxc4 11. Na3 Qxd4 12. Qxd4 Nxd4 13. Bg2 cxb3 14.
axb3 Nxb3 15. Rb1 Nc5 16. O-O O-O 17. Nb5 c6 18. Nd4 Rfe8 19. Rfc1 Nfd7 20. Bf1
Re5 21. h4 Rd5 22. Ne2 Ne5 23. Kg2 Ng6 24. Rc4 b5 25. Rg4 h5 26. Rxg6 fxg6 27.
Nf4 Rd6 28. Re1 Rf8 29. Kg3 Rdf6 30. Nh3 Rxf3+ 31. Kg2 Nd3 32. Bxd3 Rxd3 33.
Re7 Rxh3 34. Kxh3 Ra8 35. Re6 a5 36. Rxc6 a4 37. Rb6 a3 38. Rxg6 a2 0-1

[Event "1st 4NCL Spring Bank Holiday Congress"]
[Site "Basingstoke"]
[Date "2018.05.27"]
[Round "5"]
[Board "20"]
[White "Robinson, Brian"]
[Black "Usharovsky, Ron"]
[Result "0-1"]
[WhiteElo "1590"]
[BlackElo "1519"]
[PlyCount "36"]
[EventDate "2018.05.25"]
[EventRounds "7"]
[EventCountry "ENG"]

1. d4 d5 2. Nf3 Nf6 3. e3 Bf5 4. Nh4 Bg4 5. Be2 Bxe2 6. Qxe2 a6 7. Nd2 e6 8.
Nhf3 c5 9. c3 Nc6 10. O-O Bd6 11. e4 cxd4 12. cxd4 Bf4 13. e5 Nd7 14. Nb3 Bxc1
15. Raxc1 Qe7 16. Nc5 Nxc5 17. Rxc5 Nxd4 18. Nxd4 Qxc5 0-1

[Event "1st 4NCL Spring Bank Holiday Congress"]
[Site "Basingstoke"]
[Date "2018.05.27"]
[Round "5"]
[Board "21"]
[White "Sandercock, E Barry"]
[Black "Kirby, Andrew"]
[Result "1/2-1/2"]
[WhiteElo "1679"]
[BlackElo "1424"]
[PlyCount "49"]
[EventDate "2018.05.25"]
[EventRounds "7"]
[EventCountry "ENG"]

1. f4 d5 2. e3 Nc6 3. Nf3 Nf6 4. d4 Bf5 5. Bd3 Bxd3 6. Qxd3 e6 7. c3 Be7 8.
Nbd2 Qd7 9. O-O O-O 10. Ne5 Nxe5 11. fxe5 Ng4 12. h3 Nh6 13. Nf3 Nf5 14. Kh2 c5
15. Bd2 c4 16. Qe2 Nh4 17. Nxh4 Bxh4 18. Qg4 Qd8 19. e4 Kh8 20. g3 Be7 21. exd5
exd5 22. Rf2 Qc8 23. Qxc8 Raxc8 24. Raf1 Kg8 25. h4 1/2-1/2

[Event "1st 4NCL Spring Bank Holiday Congress"]
[Site "Basingstoke"]
[Date "2018.05.27"]
[Round "5"]
[Board "22"]
[White "Hatzipanteli, Theodora"]
[Black "Dupuis, Denis K"]
[Result "1/2-1/2"]
[WhiteElo "1521"]
[BlackElo "1400"]
[PlyCount "96"]
[EventDate "2018.05.25"]
[EventRounds "7"]
[EventCountry "ENG"]

1. c4 e5 2. Nc3 Nf6 3. g3 d5 4. cxd5 Nxd5 5. Bg2 Be6 6. d3 Nc6 7. Nf3 Qd7 8.
O-O Bc5 9. Ng5 Nxc3 10. bxc3 Bd5 11. e4 Be6 12. Nxe6 Qxe6 13. Be3 Bb6 14. Qa4
O-O 15. Rfd1 Rad8 16. d4 Ne7 17. Rd2 f5 18. exf5 Nxf5 19. d5 Qf6 20. Bxb6 axb6
21. Re1 Rd6 22. Rde2 Ne7 23. Qc4 Kh8 24. Qxc7 Nxd5 25. Bxd5 Rxd5 26. Qxb7 Rd3
27. Qc7 Rf3 28. Rf1 e4 29. Rxe4 Rxf2 30. Rf4 Rxf1+ 31. Kxf1 Qd8 32. Rxf8+ Qxf8+
33. Ke2 Qe8+ 34. Kd2 Qa8 35. Ke3 Qe8+ 36. Kd4 Qa4+ 37. Qc4 Qd7+ 38. Ke3 Qe7+
39. Kd2 Qg5+ 40. Kc2 Qf5+ 41. Qd3 Qf2+ 42. Kb3 Qf7+ 43. Qc4 Qf5 44. Ka3 Qa5+
45. Kb3 Qf5 46. Qb4 Qd5+ 47. Ka3 Qa8+ 48. Kb3 Qd5+ 1/2-1/2

[Event "1st 4NCL Spring Bank Holiday Congress"]
[Site "Basingstoke"]
[Date "2018.05.27"]
[Round "5"]
[Board "23"]
[White "Zhu, Feng"]
[Black "Zhu, Hou Ning"]
[Result "0-1"]
[WhiteElo "1457"]
[BlackElo "1309"]
[PlyCount "78"]
[EventDate "2018.05.25"]
[EventRounds "7"]
[EventCountry "ENG"]

1. e4 c5 2. Nf3 g6 3. Nc3 Bg7 4. d4 cxd4 5. Nxd4 Nc6 6. Be3 Nf6 7. Nxc6 bxc6 8.
Be2 O-O 9. O-O d5 10. exd5 Nxd5 11. Nxd5 cxd5 12. c3 Be6 13. Bd4 Rb8 14. Bxg7
Kxg7 15. Qd4+ Kg8 16. b3 Qa5 17. Rfc1 Rfc8 18. b4 Qa3 19. h4 Rb6 20. b5 Rb7 21.
Qb4 Qxb4 22. cxb4 Rxc1+ 23. Rxc1 Bd7 24. a4 Kg7 25. g3 Kf6 26. f4 a6 27. bxa6
Rxb4 28. Rc7 Ke6 29. Bb5 Bxb5 30. axb5 Rxb5 31. h5 Kd6 32. Rb7 Rxb7 33. axb7
Kc7 34. hxg6 hxg6 35. b8=Q+ Kxb8 36. Kf2 Kc7 37. Ke3 Kd6 38. Kd4 e6 39. g4 f6
 0-1

[Event "1st 4NCL Spring Bank Holiday Congress"]
[Site "Basingstoke"]
[Date "2018.05.27"]
[Round "5"]
[Board "24"]
[White "Lee, William J"]
[Black "Sreeram, Yashasvini"]
[Result "1-0"]
[WhiteElo "1195"]
[BlackElo "1435"]
[PlyCount "91"]
[EventDate "2018.05.25"]
[EventRounds "7"]
[EventCountry "ENG"]

1. e4 c5 2. c3 d5 3. exd5 Qxd5 4. d4 Nc6 5. Nf3 Bg4 6. Be2 cxd4 7. cxd4 e6 8.
Nc3 Qd8 9. Be3 Nf6 10. O-O Be7 11. Ne5 Bxe2 12. Nxe2 Nxe5 13. dxe5 Qxd1 14.
Raxd1 Nd7 15. f4 Bc5 16. Bxc5 Nxc5 17. Rc1 Nd3 18. Rc7 b6 19. Rd1 Nxb2 20. Rdd7
Rf8 21. Rxa7 Rxa7 22. Rxa7 Nc4 23. Rb7 Kd8 24. Ra7 Ne3 25. Nd4 Re8 26. Rxf7 Nd5
27. Rxg7 Nxf4 28. Rxh7 Rf8 29. g3 Rg8 30. Nc6+ Ke8 31. Ne7 Rg5 32. Nc6 Nd3 33.
Re7+ Kf8 34. Rxe6 Nc5 35. Rf6+ Kg7 36. Kg2 Ne4 37. Rf3 Nd2 38. Rd3 Nc4 39. Rd7+
Kh6 40. h4 Ne3+ 41. Kf3 Rg6 42. Kxe3 Rxc6 43. Rd6+ Rxd6 44. exd6 Kg6 45. d7 Kf7
46. d8=Q 1-0

[Event "1st 4NCL Spring Bank Holiday Congress"]
[Site "Basingstoke"]
[Date "2018.05.27"]
[Round "5"]
[Board "25"]
[White "Hammond, Benjamin"]
[Black "Golding, William"]
[Result "0-1"]
[WhiteElo "1483"]
[BlackElo "1517"]
[PlyCount "94"]
[EventDate "2018.05.25"]
[EventRounds "7"]
[EventCountry "ENG"]

1. e4 c5 2. c3 Nc6 3. d4 d5 4. dxc5 e6 5. exd5 exd5 6. Be3 Nf6 7. Nf3 h6 8. Bb5
Bd7 9. O-O a6 10. Ba4 Na5 11. Bxd7+ Qxd7 12. Re1 Be7 13. Nbd2 O-O 14. Nb3 Nc4
15. Qc2 Ne4 16. Nbd2 Nxe3 17. fxe3 Nxd2 18. Qxd2 Bxc5 19. Rad1 Rfe8 20. Kh1 b5
21. Qxd5 Qxd5 22. Rxd5 Bxe3 23. Red1 Bb6 24. Rd7 Rad8 25. Rxd8 Rxd8 26. Rxd8+
Bxd8 27. Kg1 Kf8 28. Kf2 Ke7 29. Ke3 Kd6 30. Ke4 g6 31. Ne5 Ke6 32. Nc6 f5+ 33.
Kd3 Bb6 34. c4 bxc4+ 35. Kxc4 Kd6 36. Nb4 a5 37. Nd3 g5 38. Kb5 Bc7 39. Nc5 Kd5
40. h3 g4 41. hxg4 fxg4 42. Nb3 h5 43. Nxa5 Bxa5 44. Kxa5 h4 45. Kb6 h3 46. a4
hxg2 47. a5 g1=Q+ 0-1

[Event "1st 4NCL Spring Bank Holiday Congress"]
[Site "Basingstoke"]
[Date "2018.05.28"]
[Round "6"]
[Board "1"]
[White "Henley, Robert"]
[Black "Hibbitt, Arthur M"]
[Result "1/2-1/2"]
[WhiteElo "1765"]
[BlackElo "1781"]
[PlyCount "30"]
[EventDate "2018.05.25"]
[EventRounds "7"]
[EventCountry "ENG"]

1. d4 d5 2. Nc3 Nc6 3. e4 dxe4 4. d5 Ne5 5. Nxe4 Nf6 6. Nxf6+ exf6 7. Bb5+ Bd7
8. Qe2 Be7 9. Bf4 O-O 10. O-O-O a6 11. Bxd7 Qxd7 12. Nf3 Nxf3 13. Qxf3 Bd6 14.
Rhe1 Rfe8 15. Bxd6 cxd6 1/2-1/2

[Event "1st 4NCL Spring Bank Holiday Congress"]
[Site "Basingstoke"]
[Date "2018.05.28"]
[Round "6"]
[Board "2"]
[White "Goodfellow, Russell R"]
[Black "O'Gorman, Brendan"]
[Result "0-1"]
[WhiteElo "1774"]
[BlackElo "1698"]
[PlyCount "80"]
[EventDate "2018.05.25"]
[EventRounds "7"]
[EventCountry "ENG"]

1. e4 c5 2. Nf3 a6 3. c4 e6 4. Nc3 Qc7 5. d4 cxd4 6. Nxd4 Nf6 7. Nc2 Nc6 8. Bd2
Be7 9. Rc1 O-O 10. Be2 b6 11. O-O Bb7 12. f4 Bc5+ 13. Kh1 Nd4 14. Bd3 Nxc2 15.
Qxc2 Ng4 16. Nd1 Qd8 17. Be1 Rc8 18. Qe2 f5 19. e5 Qe8 20. Bg3 Qg6 21. a3 a5
22. Qd2 h5 23. Bh4 Ne3 24. Rg1 Nxd1 25. Rgxd1 Be3 26. Qe2 Bxc1 27. Rxc1 Qg4 28.
Qxg4 hxg4 29. Rd1 Kf7 30. Bf2 Rc6 31. Bc2 Rxc4 32. Bb3 Rc7 33. Bxb6 Bxg2+ 34.
Kxg2 Rb7 35. Bxa5 Rxb3 36. Rxd7+ Kg6 37. Bb4 Rxb2+ 38. Kg3 Rb3+ 39. Kg2 Rc8 40.
Rd2 Rc4 0-1

[Event "1st 4NCL Spring Bank Holiday Congress"]
[Site "Basingstoke"]
[Date "2018.05.28"]
[Round "6"]
[Board "3"]
[White "Homer, Neil S"]
[Black "Bovtramovics, Vladimirs"]
[Result "1/2-1/2"]
[WhiteElo "1750"]
[BlackElo "1822"]
[PlyCount "62"]
[EventDate "2018.05.25"]
[EventRounds "7"]
[EventCountry "ENG"]

1. Nf3 d5 2. d4 Bg4 3. c4 c6 4. e3 e6 5. Nc3 Nf6 6. Be2 Bd6 7. h3 Bh5 8. c5 Bc7
9. b4 O-O 10. O-O Nbd7 11. Bb2 Rc8 12. a4 Bb8 13. Rc1 Bxf3 14. Bxf3 e5 15. dxe5
Nxe5 16. Nb1 Qc7 17. g3 Ne4 18. Bxe4 dxe4 19. Bxe5 Qxe5 20. Qd4 Qf5 21. Nc3
Rfe8 22. Rfd1 h5 23. Qd7 Qf3 24. Rd2 Bxg3 25. fxg3 Qxg3+ 26. Kh1 Qxe3 27. Rf1
Qxc3 28. Qxf7+ Kh7 29. Qxh5+ Kg8 30. Qf7+ Kh8 31. Qh5+ Kg8 1/2-1/2

[Event "1st 4NCL Spring Bank Holiday Congress"]
[Site "Basingstoke"]
[Date "2018.05.28"]
[Round "6"]
[Board "4"]
[White "Brown, Geoffrey D"]
[Black "Neatherway, A Philip"]
[Result "0-1"]
[WhiteElo "1547"]
[BlackElo "1810"]
[PlyCount "66"]
[EventDate "2018.05.25"]
[EventRounds "7"]
[EventCountry "ENG"]

1. e4 c5 2. a3 e6 3. b4 d5 4. e5 cxb4 5. d4 Nc6 6. axb4 Nxb4 7. c3 Nc6 8. Bd3
f5 9. h4 h5 10. Na3 g6 11. Nf3 Nh6 12. Nb5 Nf7 13. O-O Be7 14. Re1 Kf8 15. Ba3
Kg7 16. Bxe7 Qxe7 17. Qc1 a6 18. c4 dxc4 19. Bb1 Rb8 20. Qxc4 axb5 21. Qxb5 Qb4
22. Bd3 Qxb5 23. Bxb5 Rd8 24. Rad1 Ne7 25. Rd2 Bd7 26. Bc4 b5 27. Bb3 Rb6 28.
Rde2 Bc8 29. Rc2 Bb7 30. Rc7 Bxf3 31. Rxe7 Rb7 32. Rxf7+ Kxf7 33. gxf3 Rxd4 0-1

[Event "1st 4NCL Spring Bank Holiday Congress"]
[Site "Basingstoke"]
[Date "2018.05.28"]
[Round "6"]
[Board "5"]
[White "Radford, Mark SR"]
[Black "Procter, Colin S"]
[Result "1/2-1/2"]
[WhiteElo "1616"]
[BlackElo "1784"]
[PlyCount "73"]
[EventDate "2018.05.25"]
[EventRounds "7"]
[EventCountry "ENG"]

1. Nf3 d5 2. c4 e6 3. b3 Nf6 4. e3 c5 5. g3 g6 6. Bg2 Bg7 7. Bb2 O-O 8. O-O Nc6
9. Nc3 Rb8 10. Rc1 a6 11. cxd5 exd5 12. Na4 b6 13. d4 Ne4 14. Qe2 Bd7 15. dxc5
Bxb2 16. Qxb2 b5 17. Nc3 Qf6 18. Nd1 Qxb2 19. Nxb2 b4 20. Na4 Ne7 21. Nb6 Bb5
22. Rfd1 Nc3 23. Rd2 Rfd8 24. Bf1 Bxf1 25. Kxf1 Rb7 26. Rdc2 Rc7 27. Na4 Nxa4
28. bxa4 Nc6 29. Nd4 Ne5 30. Ke2 Nc4 31. Nb3 f5 32. Rd1 Kf7 33. Rxc4 dxc4 34.
Rxd8 cxb3 35. axb3 Rxc5 36. Rd3 Rc2+ 37. Rd2 1/2-1/2

[Event "1st 4NCL Spring Bank Holiday Congress"]
[Site "Basingstoke"]
[Date "2018.05.28"]
[Round "6"]
[Board "6"]
[White "O'Brien, Paul W"]
[Black "Tivillier, Jacques"]
[Result "0-1"]
[WhiteElo "1442"]
[BlackElo "1771"]
[PlyCount "52"]
[EventDate "2018.05.25"]
[EventRounds "7"]
[EventCountry "ENG"]

1. e4 c5 2. Nf3 d6 3. d4 cxd4 4. Nxd4 Nf6 5. Nc3 a6 6. Be3 e5 7. Nb3 Be6 8. f3
Nbd7 9. Qd2 b5 10. O-O-O Be7 11. g4 Nb6 12. Kb1 b4 13. Bxb6 Qxb6 14. Nd5 Bxd5
15. exd5 a5 16. Qd3 O-O 17. Qb5 Qa7 18. h4 Rfb8 19. Qd3 a4 20. Nd2 b3 21. cxb3
a3 22. bxa3 Qxa3 23. Qc2 Nxd5 24. Nc4 Nc3+ 25. Qxc3 Qxa2+ 26. Kc1 Rxb3 0-1

[Event "1st 4NCL Spring Bank Holiday Congress"]
[Site "Basingstoke"]
[Date "2018.05.28"]
[Round "6"]
[Board "7"]
[White "Piecha, Lukasz Marek"]
[Black "Winter, Kevin"]
[Result "1-0"]
[WhiteElo "1774"]
[BlackElo "1755"]
[PlyCount "69"]
[EventDate "2018.05.25"]
[EventRounds "7"]
[EventCountry "ENG"]

1. d4 d6 2. c4 Nf6 3. Nc3 g6 4. e4 Bg7 5. Nf3 O-O 6. Be2 e5 7. d5 a5 8. O-O Na6
9. Be3 Ng4 10. a3 Nxe3 11. fxe3 Bh6 12. Qd2 Nc5 13. Bd1 f5 14. Bc2 f4 15. exf4
Bxf4 16. Qe2 Bg4 17. h3 Bd7 18. Rae1 Bg3 19. Rd1 Qe7 20. b4 axb4 21. axb4 Na6
22. Rb1 g5 23. Nh2 Qg7 24. Ng4 h5 25. Ne3 Bf4 26. Nf5 Bxf5 27. exf5 g4 28. Kh1
Rae8 29. Ne4 g3 30. Qxh5 Rb8 31. f6 Qf7 32. Qg4+ Kh8 33. Nxg3 Bxg3 34. Rf5 Qxf6
35. Rh5+ 1-0

[Event "1st 4NCL Spring Bank Holiday Congress"]
[Site "Basingstoke"]
[Date "2018.05.28"]
[Round "6"]
[Board "8"]
[White "Towers, Brian"]
[Black "Maladkar, Lavanya"]
[Result "0-1"]
[WhiteElo "1780"]
[BlackElo "1562"]
[PlyCount "106"]
[EventDate "2018.05.25"]
[EventRounds "7"]
[EventCountry "ENG"]

1. d4 d5 2. Bf4 Nf6 3. e3 e6 4. Nf3 g6 5. Be2 Bg7 6. Nbd2 Nbd7 7. Ne5 c5 8. c3
O-O 9. h4 cxd4 10. exd4 h6 11. Ndf3 Nh5 12. Be3 Nhf6 13. Qc1 h5 14. Bh6 Ne4 15.
Bxg7 Kxg7 16. Ng5 Nxg5 17. hxg5 Nxe5 18. dxe5 Bd7 19. Qf4 Rh8 20. Qf6+ Qxf6 21.
gxf6+ Kf8 22. Rh4 Bc6 23. Kf1 Ke8 24. Rd1 Kd7 25. b4 b5 26. c4 bxc4 27. Bxc4
Kc7 28. Be2 a6 29. Rc1 Kb6 30. Rh3 Rac8 31. Rhc3 Bb7 32. a4 Rxc3 33. a5+ Kc7
34. Rxc3+ Kb8 35. b5 Rc8 36. Rxc8+ Bxc8 37. Ke1 Ka7 38. Kd2 Bb7 39. f4 h4 40.
b6+ Kb8 41. Ke1 Kc8 42. Kf2 d4 43. Bf1 Kd7 44. Ke2 Kc6 45. Kd3 Kc5 46. Kd2 Kb4
47. Kd3 Kxa5 48. Kxd4 Kxb6 49. Kc4 a5 50. Kb3 Ba6 51. Bxa6 Kxa6 52. Ka4 Kb6 53.
f5 gxf5 0-1

[Event "1st 4NCL Spring Bank Holiday Congress"]
[Site "Basingstoke"]
[Date "2018.05.28"]
[Round "6"]
[Board "9"]
[White "Ratnesan, Radha"]
[Black "Doherty, Paul D"]
[Result "0-1"]
[WhiteElo "1222"]
[BlackElo "1674"]
[PlyCount "138"]
[EventDate "2018.05.25"]
[EventRounds "7"]
[EventCountry "ENG"]

1. d4 e6 2. c4 f5 3. Nc3 Nf6 4. Bg5 Bb4 5. Qc2 Bxc3+ 6. Qxc3 O-O 7. Nf3 Qe8 8.
Bxf6 Rxf6 9. g3 d6 10. Bg2 Nd7 11. O-O Rh6 12. e3 Qh5 13. h4 Nf6 14. Rad1 Ne4
15. Qc2 g5 16. Rfe1 c6 17. Qe2 gxh4 18. Nxh4 Qg5 19. Kh2 Bd7 20. Rh1 Be8 21.
Kg1 Bh5 22. Nf3 Qg7 23. Qc2 Rf8 24. Nh4 Bxd1 25. Qxd1 Qg5 26. d5 e5 27. dxc6
bxc6 28. Bxe4 fxe4 29. Qe2 Rhf6 30. Rh2 R6f7 31. b3 Rb7 32. Qd2 Rd8 33. Qc2 d5
34. cxd5 cxd5 35. Qc6 Rb6 36. Qc7 Rbd6 37. Qxa7 d4 38. exd4 Rxd4 39. Qb7 e3 40.
Nf3 Rd1+ 41. Kg2 Qg7 42. Qxg7+ Kxg7 43. fxe3 e4 44. Ng5 R8d2+ 45. Kh3 Rxh2+ 46.
Kxh2 Rd2+ 47. Kh3 Rxa2 48. Nxe4 Re2 49. Nc5 Rxe3 50. b4 Kf7 51. Na6 Re6 52. b5
Rb6 53. Nc7 Rb7 54. b6 Rxb6 55. Nd5 Rd6 56. Nf4 Kf6 57. Nh5+ Kg5 58. Nf4 h5 59.
Kh2 Kg4 60. Kg2 Rd2+ 61. Kf1 h4 62. Ne2 hxg3 63. Ke1 Ra2 64. Kf1 g2+ 65. Kxg2
Rxe2+ 66. Kf1 Kf3 67. Kg1 Ra2 68. Kh1 Kg3 69. Kg1 Ra1# 0-1

[Event "1st 4NCL Spring Bank Holiday Congress"]
[Site "Basingstoke"]
[Date "2018.05.28"]
[Round "6"]
[Board "10"]
[White "Horlock, Peter J"]
[Black "Tomy, Jeff"]
[Result "0-1"]
[WhiteElo "1612"]
[BlackElo "1536"]
[PlyCount "72"]
[EventDate "2018.05.25"]
[EventRounds "7"]
[EventCountry "ENG"]

1. e4 c5 2. Nf3 Nc6 3. d4 cxd4 4. Nxd4 Nf6 5. Nxc6 bxc6 6. Bd3 e5 7. Nd2 Be7 8.
O-O O-O 9. h3 d5 10. Qe2 Qc7 11. Nf3 Bd6 12. c4 Bb7 13. cxd5 cxd5 14. exd5 e4
15. Bxe4 Rfe8 16. Nd2 Nxe4 17. Nxe4 f5 18. Qh5 fxe4 19. Be3 Qf7 20. Qg4 Bxd5
21. Rfd1 Be5 22. Rd2 Bxa2 23. Rd7 Be6 24. Rxf7 Bxg4 25. Raxa7 Be6 26. Rfe7 Rxa7
27. Rxa7 Rd8 28. g4 Bc4 29. Ra1 Bxb2 30. Rb1 Bf6 31. Kg2 Be2 32. Bf4 Bf3+ 33.
Kg3 h6 34. Rb8 g5 35. Rxd8+ Bxd8 36. Be3 Bc7+ 0-1

[Event "1st 4NCL Spring Bank Holiday Congress"]
[Site "Basingstoke"]
[Date "2018.05.28"]
[Round "6"]
[Board "11"]
[White "Usharovsky, Ron"]
[Black "Redmond, Michael F"]
[Result "1/2-1/2"]
[WhiteElo "1519"]
[BlackElo "1787"]
[PlyCount "44"]
[EventDate "2018.05.25"]
[EventRounds "7"]
[EventCountry "ENG"]

1. e4 g6 2. d4 d6 3. Nc3 Bg7 4. Be3 Nf6 5. Nf3 O-O 6. Qd2 Ng4 7. Bg5 h6 8. h3
Nxf2 9. Qxf2 hxg5 10. Nxg5 Bf6 11. h4 c5 12. dxc5 Qa5 13. Qd2 Qxc5 14. Nd5 Nc6
15. O-O-O Bg4 16. Nxf6+ exf6 17. Nf3 Nb4 18. a3 Nc6 19. Qxd6 Qe3+ 20. Qd2 Qxe4
21. Bd3 Qd5 22. Qh6 Qh5 1/2-1/2

[Event "1st 4NCL Spring Bank Holiday Congress"]
[Site "Basingstoke"]
[Date "2018.05.28"]
[Round "6"]
[Board "12"]
[White "Stephens, Robert W"]
[Black "Mellor, Jessica"]
[Result "1/2-1/2"]
[WhiteElo "1802"]
[BlackElo "1457"]
[PlyCount "75"]
[EventDate "2018.05.25"]
[EventRounds "7"]
[EventCountry "ENG"]

1. Nf3 Nf6 2. b3 e6 3. Bb2 d5 4. e3 Be7 5. c4 b6 6. g3 Bb7 7. Bg2 Nbd7 8. O-O
O-O 9. d4 Ne4 10. Nbd2 f5 11. Ne1 Ndf6 12. Nd3 c5 13. f3 Nxd2 14. Qxd2 Bd6 15.
Rac1 dxc4 16. Rxc4 Ba6 17. Rc2 Nd5 18. Rd1 Bxd3 19. Qxd3 Nb4 20. Qc3 Nxc2 21.
Qxc2 Qe7 22. Bf1 Rac8 23. Qd3 Rfd8 24. d5 Bb8 25. e4 exd5 26. exd5 Qd7 27. Qc2
Qe7 28. Bc1 Be5 29. Qxf5 Qf6 30. Qe4 Bd4+ 31. Kg2 Re8 32. Qg4 Qg6 33. Qxg6 hxg6
34. Bc4 Kh7 35. Bf4 Be5 36. Bg5 Bf6 37. Bf4 Be5 38. Bg5 1/2-1/2